000 01170nam0a22002531 4500
001 rc\4030325
005 20260407020815.0
021 _aRU
_b[49-32427]
035 _a(NLR Aleph) 008091789
090 _a9188348
_c9188348
100 _a20130415d1949 |||y0rusy50 ca
101 0 _arus
102 _aRU
105 _ay z |||||
200 1 _aУнифицированные нормы времени на ремонт трактора иностранной марки ТД-18
_fЦентр. науч.-исслед. ин-т механизации и организации труда в нефт. пром-сти "ЦИМТНефть". Нормативно-исслед. группа объединения "Краснодарнефть"
210 _aКраснодар
_cТип. газ. "Колхоз. Кубань" в стан. Марьянской
_d1949
215 _a42 с.
_d20
606 _aТрактороремонт
_jНормы времени
_2psbo
710 0 2 _a"Краснодарнефть", об-ние
_9508746
_3RU\NLR\AUTH\8810005676
801 0 _aRU
_bNLR
_gpsbo
801 1 _aRU
_bELAR
_2rusmarc
852 _aNLR
_jТ86 Г-4/601
942 _cBOOK
980 _aNB